[Event "Tatry Open"]
[Site "Tatranske Zruby SVK"]
[Date "2003.10.03"]
[Round "8"]
[White "Mokos,J"]
[Black "Hodovsky,J"]
[Result "1-0"]
[WhiteElo "2289"]
[BlackElo "2131"]

1.Nf3 Nf6 2.c4 g6 3.Nc3 Bg7 4.e4 d6 5.d4 O-O 6.Be2 e5 7.d5 Nbd7 8.Bg5 a5
9.Nd2 Re8 10.O-O Nf8 11.a3 h6 12.Be3 g5 13.f3 Ng6 14.g3 Nh5 15.Bf2 Bh3 16.Re1 Qd7
17.f4 Nhxf4 18.gxf4 exf4 19.Nb5 g4 20.Nd4 f3 21.Bf1 Nf4 22.Nf5 Bxb2 23.Ra2 Be5
24.Nb3 Kh7 25.Bg3 Bxf1 26.Kxf1 Ng2 27.Bxe5 Nxe1 28.Qc1 Qxf5 29.exf5 Rxe5
30.Qb1 f6 31.Nd4 b6 32.Kf2 Ng2 33.h3 Re1 34.Qb5 g3+ 35.Kxg3 Rg8+ 36.Kf2 Re4
37.Ne6 Ne1 38.Qd7+ Kh8 39.Qe7 Rg2+ 40.Kf1 Nd3 41.Qxf6+ Kh7 42.Nf8+ Kg8 43.Rxg2+ fxg2+
44.Kxg2  1-0

[Event "Osen II"]
[Site "Alushta UKR"]
[Date "2003.10.04"]
[Round "12"]
[White "Tishin,D"]
[Black "Khudyakov,A"]
[Result "1-0"]
[WhiteElo "2310"]
[BlackElo "2365"]

1.d4 Nf6 2.c4 d6 3.Nf3 g6 4.Nc3 Bg7 5.e4 O-O 6.Be2 e5 7.O-O exd4 8.Nxd4 Re8
9.f3 Nh5 10.g4 Nf6 11.Be3 h5 12.g5 Nh7 13.f4 Bh3 14.Rf2 f6 15.f5 Nxg5 16.fxg6 Nxe4
17.Nxe4 Rxe4 18.Nc2 f5 19.Bf3 Rxe3 20.Nxe3 Qg5+ 21.Bg2 Qxe3 22.Qd5+ Kh8 23.Bxh3 Qxh3
24.Rxf5 Be5 25.Rf8+ Kg7 26.Rg8+ Kf6 27.Rf1+ Kg5 28.Qd2+ Kh4 29.Rf4+  1-0

[Event "1st ch-Mediterranean w"]
[Site "Beruit LIB"]
[Date "2003.10.04"]
[Round "8"]
[White "Mir Mahmoud,A"]
[Black "Srebrnic,A"]
[Result "0-1"]
[WhiteElo "2052"]
[BlackElo "2243"]

1.d4 Nf6 2.c4 g6 3.Nc3 Bg7 4.e4 d6 5.Be2 O-O 6.Nf3 e5 7.dxe5 dxe5 8.Qxd8 Rxd8
9.Bg5 c6 10.Nxe5 Re8 11.O-O-O Na6 12.f4 Nh5 13.Bxh5 gxh5 14.Bh4 Nc5 15.Rhe1 Bh6
16.Kc2 Bxf4 17.Nxf7 Bg4 18.Ra1 Rf8 19.g3 Be3 20.Rxe3 Rxf7 21.Rae1 Rf2+ 22.Kc1 Rxh2
23.b4 Ne6 24.Rd3 a5 25.b5 cxb5 26.Nxb5 Rxa2 27.Rd2 Ra1+  0-1

[Event "ECC"]
[Site "Rethymnon GRE"]
[Date "2003.10.04"]
[Round "7"]
[White "Ionov,S"]
[Black "Stepak,Y"]
[Result "1-0"]
[WhiteElo "2556"]
[BlackElo "2268"]

1.d4 Nf6 2.c4 g6 3.Nc3 Bg7 4.e4 d6 5.Nf3 O-O 6.Be2 Na6 7.O-O e5 8.Re1 Nh5
9.g3 Bg4 10.d5 h6 11.Rb1 Qe8 12.Nh4 Bxe2 13.Qxe2 Nf6 14.b4 Nh7 15.Qd3 Kh8
16.f3 h5 17.Be3 Bf6 18.Ng2 Ng5 19.Rf1 Nh3+ 20.Kh1 Kg7 21.c5 Nb8 22.f4 Kh7
23.f5 g5 24.Qb5 Qc8 25.c6 b6 26.Qe2 g4 27.a4 Rg8 28.Ne1 Qf8 29.Nd3 Qg7 30.Nf2 Ng5
31.h3 Nf3 32.hxg4 Nd4 33.Bxd4 exd4 34.Nb5 Na6 35.Kg2 Bg5 36.Rh1 h4 37.Na3 Qe5
38.Rh3 Kg7 39.gxh4 Bf6 40.Qxa6 Rh8 41.Rbh1 d3 42.Qxd3 Qb2 43.Nc4 Qxb4 44.g5 Be5
45.Nxe5 dxe5 46.Qc3 Qd6 47.Ng4  1-0

[Event "ECC"]
[Site "Rethymnon GRE"]
[Date "2003.10.04"]
[Round "7"]
[White "Volkov,S"]
[Black "Kantsler,B"]
[Result "1-0"]
[WhiteElo "2620"]
[BlackElo "2472"]

1.d4 d6 2.Nf3 Nf6 3.c4 g6 4.Nc3 Bg7 5.e4 O-O 6.Be2 e5 7.Be3 Ng4 8.Bg5 f6
9.Bc1 Nc6 10.d5 Ne7 11.h3 Nh6 12.h4 c5 13.h5 Nf7 14.hxg6 hxg6 15.Nh4 Bd7
16.g3 a6 17.Bd2 Rb8 18.a4 g5 19.Ng2 f5 20.exf5 Nxf5 21.Ne4 Nd4 22.Ne3 Qe7
23.Bg4 Nh6 24.Bxd7 Qxd7 25.Nxg5 e4 26.Qh5 Rbe8 27.Qg6 Nf3+ 28.Nxf3 Rf6 29.Qh5 exf3
30.Bc3 Rxe3+ 31.fxe3 Qe7 32.O-O Qxe3+ 33.Rf2 Rf5 34.Qg6 Rg5 35.Qe6+ Qxe6
36.dxe6 Bxc3 37.e7 Re5 38.bxc3 Rxe7 39.Rxf3 Ng4 40.Rf4 Ne5 41.Raf1 Kg7 42.Kg2 Rc7
43.Re4 Rc6 44.Rb1 Rc7 45.Rf4 Re7 46.Rd1 Re6 47.Re1 Rg6 48.Rb1  1-0

[Event "ECC"]
[Site "Rethymnon GRE"]
[Date "2003.10.04"]
[Round "7"]
[White "Jansson,J"]
[Black "Edvardsson,K"]
[Result "1/2-1/2"]
[WhiteElo "2256"]
[BlackElo "2253"]

1.d4 Nf6 2.Nf3 g6 3.c4 Bg7 4.Nc3 O-O 5.e4 d6 6.Be2 e5 7.dxe5 dxe5 8.Qxd8 Rxd8
9.Bg5 Re8 10.Nd5 Nxd5 11.cxd5 c6 12.O-O cxd5 13.exd5 Bg4 14.Rfe1 Nd7 15.h3 Bxf3
16.Bxf3 f5 17.d6 e4 18.Be2 Bf6 19.Bd2 Nb6 20.a4 Red8 21.Bb4 Bxb2 22.Ra2 Be5
23.Rd1 Rac8 24.a5 Nd7 25.a6 b6 26.g3 Kf7 27.f4 exf3 28.Bxf3 Kf6 29.g4 Rc4
30.Be1 Nc5 31.Re2 Rd4 32.g5+ Kxg5 33.Rxe5 Rxd1 34.Bxd1 Rxd6 35.Be2 Rd7 36.Re8 Kf4
37.Kg2 Kg5 38.h4+ Kf6 39.Bc3+ Kf7 40.Rh8 Ke6 41.Bd4 Kd6 42.Bb5 Rf7 43.Rd8+ Kc7
44.Re8 Kd6 45.Be5+ Kd5 46.Bb8 f4 47.Rd8+ Ke4 48.Bc6+ Ke3 49.Re8+ Kd4 50.Bb5 f3+
51.Kf1 Ne4 52.Rxe4+ Kxe4 53.Bc6+ Ke3 54.Bg3 Rf5 55.Bf2+ Kf4 56.Be1 Rc5 57.Bd2+ Kg3
58.Be1+ Kg4 59.Bd7+ Kf4 60.Bd2+ Ke4 61.Bh6 Rc2 62.Ba4 Rc4 63.Bb3 Rc5 64.Bd2 Kd3
65.Bg5 Ra5 66.Bg8 Ke4 67.Bxh7 Kf5 68.Be7 Ke6 69.Bb4 Ra1+ 70.Kf2 Kf7 71.h5 gxh5
72.Bd3 Ke6 73.Bc4+ Kd7 74.Kxf3 Kc6 75.Bd3 h4 76.Bd2 h3 77.Be4+ Kb5 78.Bd3+ Kc5
79.Be3+ Kd5 80.Bf4 Ra3 81.Ke3 b5 82.Bg3 Rxa6 83.Bxb5 Ra2 84.Be2 a5 85.Kf3 a4
86.Bd1 Kc4 87.Bxa4 Rxa4 88.Kg4 Kd4 89.Kxh3 Ke3 90.Bc7 Rc4 91.Bb6+ Kf3 92.Kh2 Rc2+
93.Kh1 Kg3 94.Bg1 Ra2 95.Bc5 Rh2+ 96.Kg1 Rh5 97.Bd6+ Kf3 98.Bc7 Rd5 99.Bb8 Rd7
100.Be5 Rd2 101.Kh1 Kf2 102.Kh2  1/2-1/2

[Event "2nd League TCh-SCG"]
[Site "Belgrade SCG"]
[Date "2003.10.05"]
[Round "9"]
[White "Nikolic,Stani"]
[Black "Arsovic,G"]
[Result "0-1"]
[WhiteElo "2326"]
[BlackElo "2423"]

1.d4 Nf6 2.Nf3 g6 3.c4 Bg7 4.Nc3 O-O 5.e4 d6 6.Be2 e5 7.O-O Na6 8.Bg5 h6
9.Bc1 Qe8 10.d5 Nc5 11.Nd2 a5 12.Qc2 Nh7 13.Nb3 f5 14.Nxc5 dxc5 15.Be3 Qe7
16.exf5 gxf5 17.f4 e4 18.Rad1 Bd7 19.Rd2 Qd6 20.Kh1 Rab8 21.Rg1 b6 22.h3 Kh8
23.a3 Qg6 24.g3 Qd6 25.Nd1 a4 26.Nf2 Nf6 27.Rg2 Rf7 28.Rd1 h5 29.Rdg1 Bh6
30.Nd1 Rg7 31.Qd2 Rbg8 32.Nc3 Ra8 33.Bd1 Rg6 34.Bc2 Rg7 35.Qf2 Qe7 36.Bd2 Qd6
37.Nd1 Rg6 38.Bc3 Kh7 39.Be5 Qe7 40.Bxc7 Ne8 41.Be5 Bg7 42.Bc3 Nd6 43.Qe2 Bd4
44.Rf1 Rag8 45.h4 Kh6 46.Be1 R6g7 47.Rfg1 b5 48.b3 axb3 49.Bxb3 Ra8 50.Ne3 Rxa3
51.Bd1 Qf7 52.Bf2 bxc4 53.Nc2 Rd3 54.Be3 c3 55.Qf2 Nc4 56.Be2 Nxe3 57.Nxd4 cxd4
58.Bxd3 exd3  0-1

[Event "zt 3.1a"]
[Site "Dubai UAE"]
[Date "2003.10.06"]
[Round "1"]
[White "Taleb,M"]
[Black "Raes,A"]
[Result "1-0"]
[WhiteElo "2399"]
[BlackElo "2212"]

1.d4 Nf6 2.Nf3 g6 3.c4 Bg7 4.Nc3 O-O 5.e4 d6 6.Be2 e5 7.Be3 Nc6 8.d5 Ne7
9.Nd2 Nd7 10.b4 f5 11.f3 Kh8 12.c5 Nf6 13.Nc4 Neg8 14.O-O Bh6 15.exf5 Bxe3+
16.Nxe3 gxf5 17.f4 Nh6 18.Qd2 Nd7 19.Nc4 Nf7 20.Bh5 a6 21.Bxf7 Rxf7 22.c6 bxc6
23.dxc6 Nf8 24.fxe5 Qh4 25.Rf4 Qg5 26.exd6 Ne6 27.Rf2 Qxd2 28.Rxd2 cxd6 29.Nxd6 Rc7
30.Nd5 Rxc6 31.Ne7 Rc7 32.Ndxc8 Raxc8 33.Nxc8 Rxc8 34.Re1 Rc6 35.a4 Kg7 36.Rd7+ Kg6
37.Red1 Rc4 38.R7d6 Kf7 39.Rxa6 Rxb4 40.Rd7+ Kf6 41.Rxh7 Rb1+ 42.Kf2 Rb2+
43.Ke1 Ke5 44.Re7  1-0

[Event "Osen II"]
[Site "Alushta UKR"]
[Date "2003.10.07"]
[Round "15"]
[White "Alexandrova,O"]
[Black "Nalbandian,T"]
[Result "1/2-1/2"]
[WhiteElo "2437"]
[BlackElo "2478"]

1.d4 Nf6 2.c4 g6 3.Nc3 Bg7 4.e4 d6 5.Nf3 O-O 6.Be2 Na6 7.O-O e5 8.Re1 c6
9.Bf1 Bg4 10.d5 Nb4 11.Be2 a5 12.h3 Bc8 13.a3 Na6  1/2-1/2

[Event "Open"]
[Site "Winterthur SUI"]
[Date "2003.10.09"]
[Round "7"]
[White "Salzgeber,F"]
[Black "Lehmann,M"]
[Result "1-0"]
[WhiteElo "2159"]
[BlackElo "2180"]

1.d4 Nf6 2.c4 g6 3.Nc3 Bg7 4.e4 d6 5.Be2 Na6 6.Nf3 O-O 7.O-O e5 8.Re1 Nd7
9.Bf1 c6 10.Rb1 Nc7 11.Bg5 Qe8 12.dxe5 Nxe5 13.Qxd6 Nxf3+ 14.gxf3 Be5 15.Qd2 Ne6
16.Bh6 Qe7 17.f4 Rd8 18.Qe3 Bd4 19.Qg3 Bf6 20.Rbd1 Nd4 21.Qg2 Kh8 22.Bd3 Bh4
23.Kh1 Rg8 24.Bb1 Ne6 25.Qf3 Qc5 26.f5 Nd4 27.Qe3 Bf6 28.e5 Re8 29.Qxd4 Qxd4
30.Rxd4 Bxf5 31.Bxf5 gxf5 32.f4 Bh4 33.Red1 Rg8 34.Rd6 Rg4 35.Ne2 Rag8 36.Ng3 Be7
37.Rd7 R8g6 38.Nxf5 Bc5 39.Rd8+ Rg8 40.Rxg8+  1-0

[Event "ch-Africa"]
[Site "Abuja NGR"]
[Date "2003.10.10"]
[Round "1"]
[White "Chumfwa,S"]
[Black "Bouah,L"]
[Result "1-0"]
[WhiteElo "2318"]
[BlackElo "2175"]

1.Nf3 Nf6 2.d4 g6 3.c4 Bg7 4.Nc3 O-O 5.e4 d6 6.Be2 e5 7.Be3 Ng4 8.Bg5 f6
9.Bh4 g5 10.Bg3 Nc6 11.d5 Ne7 12.Nd2 Nh6 13.O-O Ng6 14.Re1 Rf7 15.b4 Bf8
16.Nb3 Rg7 17.Rc1 Nf4 18.Bf1 Nf7 19.c5 a6 20.a4 h5 21.f3 h4 22.Bf2 g4 23.Bxh4 gxf3
24.Qxf3 Bg4 25.Qe3 Rh7 26.Qf2 Ng5 27.Bxg5 fxg5 28.c6 b6 29.Nd1 Bxd1 30.Rcxd1 Be7
31.g3 Ng6 32.Be2 Kg7 33.Rf1 Bf6 34.Rd3 Rh6 35.Nd2 a5 36.b5 Qe7 37.Nc4 Rah8
38.Ne3 Qd8 39.Nf5+ Kf7 40.Nxh6+ Rxh6 41.Qf5 Qe7 42.Rdf3  1-0

[Event "1st Israel Int Op"]
[Site "Ashod ISR"]
[Date "2003.10.12"]
[Round "1"]
[White "Huzman,A"]
[Black "Liberzon,R"]
[Result "1-0"]
[WhiteElo "2574"]
[BlackElo "2268"]

1.Nf3 Nf6 2.c4 g6 3.Nc3 Bg7 4.e4 d6 5.d4 O-O 6.Be2 e5 7.Be3 c6 8.d5 cxd5
9.cxd5 Nbd7 10.Nd2 Ne8 11.O-O f5 12.f3 Ndf6 13.Nc4 f4 14.Bf2 g5 15.Nb5 h5
16.Nxa7 g4 17.Nxc8 g3 18.hxg3 fxg3 19.Bxg3 Rxc8 20.Qb3 Rf7 21.Ne3 Bh6 22.Bh4 Bxe3+
23.Qxe3 Nxd5 24.Qf2 Ne7 25.Rac1 Rg7 26.Bc4+ Kh7 27.Be6 Rc6 28.Kh1 Qc7 29.Qd2 Ng6
30.Bf5 Kg8 31.Bg5 Nf4 32.Bxf4 exf4 33.Be6+ Kh8 34.Qxf4 Qe7 35.Bd5 Rc7 36.Rxc7 Nxc7
37.Bb3 Na6 38.Rd1 Rg6 39.Rd5  1-0

[Event "EuTCh w"]
[Site "Plovdiv BUL"]
[Date "2003.10.12"]
[Round "2"]
[White "Srebrnic,A"]
[Black "Turauskiene,R"]
[Result "1/2-1/2"]
[WhiteElo "2241"]
[BlackElo "2218"]

1.Nf3 Nf6 2.c4 g6 3.Nc3 Bg7 4.e4 d6 5.d4 O-O 6.Be2 e5 7.O-O exd4 8.Nxd4 Re8
9.f3 Nc6 10.Nxc6 bxc6 11.Bg5 Be6 12.Qc2 Qb8 13.Bh4 Qb4 14.a3 Qc5+ 15.Bf2 Qg5
16.Qc1 Qxc1 17.Raxc1 Reb8 18.b4 a5 19.b5 cxb5 20.cxb5 Bh6 21.Rb1 Nd7 22.Rfd1 Nb6
23.Bxb6 Rxb6 24.Nd5 Bxd5 25.Rxd5 Be3+ 26.Kf1 a4 27.e5 dxe5 28.Rxe5 Bf4 29.Re4 Bd6
30.Rd1 Bxa3 31.Ra1 Bd6 32.Rexa4 Rxa4 33.Rxa4 Bxh2 34.Ra6 Rb8 35.Kf2 Bd6 36.Rc6 h5
37.Rc2 h4 38.Bc4 Kg7 39.Ke3 f5 40.Re2 Be5 41.f4 Bd6 42.Kf3 Ra8 43.Ra2 Rd8
44.Rd2 Kf6 45.Re2 Bc5 46.Re5 Bb4 47.Re6+ Kg7 48.Rc6 Ba5 49.Be2 Re8 50.Ra6 Bb6
51.Ra3 Kf6 52.Rc3 Re4 53.Rc6+ Kg7 54.Rc3 Kh6 55.Rb3 g5 56.fxg5+ Kxg5 57.Bf1 Re1
58.Be2 Rh1 59.Rd3 Rb1 60.Rd7 Rb3+ 61.Bd3 Rb2 62.Be2 Kf6 63.Rd5 Rb4 64.Bd3 Ke6  1/2-1/2

[Event "YM"]
[Site "Zug SUI"]
[Date "2003.10.12"]
[Round "6"]
[White "Moor,O"]
[Black "Szelag,M"]
[Result "1/2-1/2"]
[WhiteElo "2352"]
[BlackElo "2390"]

1.d4 Nf6 2.c4 g6 3.Nc3 Bg7 4.e4 O-O 5.Nf3 d6 6.Be2 Na6 7.O-O e5 8.Be3 Ng4
9.Bg5 Qe8 10.dxe5 dxe5 11.Nd2 f6 12.Bh4 Nh6 13.Rb1 Be6 14.b4 Rd8 15.c5 Nb8
16.Qc1 Nc6 17.Bc4 Nd4 18.Re1 c6 19.Ne2 Rf7 20.Nf1 Bf8 21.f3 Kg7 22.Bf2 Nxe2+
23.Bxe2 Rfd7 24.Be3 Nf7 25.Qc2 f5 26.Red1  1/2-1/2

[Event "ch-Africa"]
[Site "Abuja NGR"]
[Date "2003.10.13"]
[Round "4"]
[White "Alberto,M ANG"]
[Black "Chakurira,S"]
[Result "1-0"]
[WhiteElo "2110"]
[BlackElo "2205"]

1.Nf3 Nf6 2.c4 g6 3.Nc3 Bg7 4.e4 d6 5.d4 O-O 6.Be2 e5 7.d5 Nbd7 8.Bg5 h6
9.Bh4 a5 10.Nd2 Nc5 11.b3 c6 12.O-O Qc7 13.Rc1 Ne8 14.a3 f5 15.f3 Na6 16.Rb1 c5
17.Bd3 f4 18.Nb5 Qd7 19.Rb2 g5 20.Be1 Bf6 21.Nb1 Bd8 22.g4 Rf6 23.Rg2 Rg6
24.Kf2 Qh7 25.Ke2 h5 26.h3 Rh6 27.Kd2 Nac7 28.N1c3 Bd7 29.Rfg1 h4 30.Kc1 Na6
31.Na4 Qe7 32.Bc3 b6 33.Rb2 Rh7 34.Kd2 Bc8 35.Qa1 Qb7 36.Rgb1 Nac7 37.Ra2 Bd7
38.b4 Nxb5 39.cxb5 axb4 40.axb4 cxb4 41.Bxb4 Bc8 42.Rb3 Rc7 43.Rba3 Bd7 44.Nc3 Rxa3
45.Rxa3 Kf7 46.Ra6 Ke7 47.Na4 Rc8 48.Qxe5+ Kf7 49.Qb2 Bf6 50.Qa3 Bd4 51.Bxd6 Be3+
52.Ke2 Nc7 53.Nc3 Nxa6 54.bxa6 Qa8 55.Be5 Rc5 56.a7 Ra5 57.Qd6 Qxa7 58.Qf6+ Ke8
59.Qh8+ Kf7 60.Qg7+ Ke8 61.Qg8+  1-0

[Event "1st Israel Int Op"]
[Site "Ashdod ISR"]
[Date "2003.10.13"]
[Round "3"]
[White "Savchenko,S"]
[Black "Lymar,I"]
[Result "1/2-1/2"]
[WhiteElo "2563"]
[BlackElo "2392"]

1.d4 Nf6 2.c4 g6 3.Nc3 Bg7 4.e4 d6 5.Nf3 O-O 6.Be2 Na6 7.O-O e5 8.Re1 c6
9.Bf1 exd4 10.Nxd4 Ng4 11.h3 Qb6 12.hxg4 Qxd4 13.g5 Nc5 14.Qf3 Qe5 15.Bf4 Qe7
16.Qg3 Be5 17.Rad1 Bxf4 18.Qxf4 Qe5 19.Qd2 Ne6 20.Qxd6 Qxg5 21.Qd2 Qe5 22.Qe3 g5
23.Rd2 Nf4 24.Qd4 Ng6 25.Qxe5 Nxe5 26.f3 Be6 27.b3 Rfd8 28.Red1 Rxd2 29.Rxd2 Kf8
30.Kf2 Ke7 31.Ke3  1/2-1/2

[Event "ch-Africa"]
[Site "Abuja NGR"]
[Date "2003.10.15"]
[Round "7"]
[White "Solomon,K"]
[Black "Lungu,N"]
[Result "1-0"]
[WhiteElo "2339"]
[BlackElo "2270"]

1.d4 Nf6 2.c4 g6 3.Nc3 Bg7 4.e4 d6 5.Be2 O-O 6.Nf3 e5 7.O-O Na6 8.Re1 c6
9.Bf1 Bg4 10.d5 c5 11.h3 Bd7 12.g3 Ne8 13.Bg2 Nac7 14.Bg5 f6 15.Be3 a6 16.a3 b5
17.b3 f5 18.Bg5 Qc8 19.exf5 gxf5 20.Bd2 a5 21.cxb5 Bxb5 22.Rc1 Bd7 23.Ng5 Rb8
24.Rb1 Nf6 25.Qc2 e4 26.f3 h6 27.Ne6 Nxe6 28.dxe6 Bxe6 29.fxe4 fxe4 30.Nxe4 Nxe4
31.Qxe4 Bxh3 32.Qc4+ Kh7 33.Re7 Qg4 34.Qxg4 Bxg4 35.Bc3 Rg8 36.Be4+ Kh8 37.Rf1 d5
38.Rf6  1-0

[Event "1st Israel Int Op"]
[Site "Ashdod ISR"]
[Date "2003.10.15"]
[Round "6"]
[White "Postny,E"]
[Black "Ginzburg,G"]
[Result "1-0"]
[WhiteElo "2526"]
[BlackElo "2162"]

1.Nf3 Nf6 2.c4 g6 3.Nc3 Bg7 4.e4 d6 5.d4 O-O 6.Be2 e5 7.O-O Nbd7 8.Re1 c6
9.Bf1 a6 10.d5 c5 11.a3 Ne8 12.b4 h6 13.bxc5 dxc5 14.Na4 Nd6 15.Rb1 f5 16.Nd2 Rb8
17.Bb2 f4 18.Be2 h5 19.Ba1 Kh7 20.Rb3 Kh6 21.Bc3 g5 22.Bxh5 b5 23.Nb2 Nf6
24.Bf3 Nf7 25.Nd3 Qe7 26.Qa1 Re8 27.Bd1 g4 28.g3 fxg3 29.hxg3 Bd7 30.Kg2 Kh7
31.Rh1+ Kg8 32.Bc2 Rb6 33.Qe1 Nh7 34.Qe3 Rc8 35.f4 gxf3+ 36.Nxf3 Rg6 37.Rbb1 bxc4
38.Nb2 Bh6 39.Rxh6 Rxh6 40.Nxe5 Bh3+ 41.Kg1 Rf8 42.Nc6 Qg5 43.Nxc4 Qxe3+
44.Nxe3 Nfg5 45.Ne7+ Kf7 46.N7f5 Bxf5 47.Nxf5 Rh3 48.Rb7+ Kg6 49.Rg7+ Kh5
50.Bd1+  1-0

[Event "EuTCh w"]
[Site "Plovdiv BUL"]
[Date "2003.10.15"]
[Round "5"]
[White "Schuurman,P"]
[Black "Agababean,N"]
[Result "1-0"]
[WhiteElo "2263"]
[BlackElo "2252"]

1.d4 Nf6 2.c4 g6 3.Nc3 Bg7 4.e4 d6 5.Nf3 O-O 6.Be2 e5 7.Be3 Nc6 8.d5 Ne7
9.Nd2 Ne8 10.c5 f5 11.f3 f4 12.Bf2 h5 13.Qb3 Kh8 14.O-O-O Rf7 15.Nc4 Ng8
16.cxd6 cxd6 17.Kb1 Bf8 18.Nb5 a6 19.Nb6 Rb8 20.Nc3 Bd7 21.Rc1 g5 22.Nca4 Ngf6
23.Rc3 Bxa4 24.Qxa4 Nd7 25.Nxd7 Qxd7 26.Qxd7 Rxd7 27.Rhc1 Kg8 28.Bb6 Rg7
29.h3 g4 30.fxg4 Nf6 31.Bf3 hxg4 32.hxg4 Re8 33.Rc7 Rxc7 34.Rxc7 Re7 35.Rc8 Re8
36.Rc3 Nh7 37.Kc2 Ng5 38.Kd3 Kf7 39.Bd1 Kg6 40.Rc7 Re7 41.Rxe7 Bxe7 42.Ba4 Nh7
43.Bd7 Nf6 44.Bc8 Kg5 45.Bxb7 Kxg4 46.Bf2 a5 47.Bc8+ Kg5 48.Bb6 Kh4 49.Bf2+ Kg5
50.Bf5 Nxd5 51.a3 Nf6 52.Be6 Ne8 53.Bb6 Ng7 54.Bh3 a4 55.Bd7 Nh5 56.Bxa4 Nf6
57.Bd1 d5 58.Bf3 dxe4+ 59.Bxe4 Nd7 60.Bf2 Nc5+ 61.Bxc5 Bxc5 62.Kc4 Bd4 63.b4 Kf6
64.Kd5 Ke7 65.Kc6 Kd8 66.a4 Kc8 67.a5 Bc3 68.a6 Kb8 69.b5 Ka7 70.b6+ Kxa6
71.Bd3+ Ka5 72.b7 e4 73.b8=Q  1-0

[Event "YM"]
[Site "Zug SUI"]
[Date "2003.10.15"]
[Round "9"]
[White "Flumbort,A"]
[Black "Allemann,A"]
[Result "1/2-1/2"]
[WhiteElo "2467"]
[BlackElo "2271"]

1.Nf3 Nf6 2.c4 g6 3.Nc3 Bg7 4.d4 O-O 5.e4 d6 6.Be2 e5 7.Be3 exd4 8.Nxd4 Re8
9.f3 Nc6 10.O-O Nh5 11.Qd2 f5 12.Nxc6 bxc6 13.c5 d5 14.Bg5 Qd7 15.exf5 gxf5
16.Rfe1 Qf7 17.Bf1 Bd7 18.Ne2 Qf8 19.Rac1 a5 20.b3 Re6 21.a3 Bh8 22.Red1 Be5
23.b4 axb4 24.axb4 Qg7 25.Be3 Ra3 26.Bd4 Rxf3 27.Ra1 Nf6 28.Ra8+ Kf7 29.Bxe5 Rxe5
30.Ra7 Ne4 31.Qd4 Nf2 32.Ng3 Nxd1 33.gxf3 Re7 34.Qxg7+ Kxg7 35.Rxc7 Kf7 36.Bh3 Ne3
37.Kf2 Nd1+ 38.Kf1 Ne3+ 39.Kf2 Nd1+ 40.Kg1 Ne3 41.Kf2  1/2-1/2

[Event "ch-Africa"]
[Site "Abuja NGR"]
[Date "2003.10.16"]
[Round "8"]
[White "Kamel,S"]
[Black "Haddouche,M"]
[Result "1-0"]
[WhiteElo "2077"]
[BlackElo "2161"]

1.d4 Nf6 2.c4 g6 3.Nc3 Bg7 4.e4 d6 5.Be2 O-O 6.Nf3 Nbd7 7.O-O e5 8.Re1 c6
9.Bf1 Re8 10.Rb1 a5 11.dxe5 dxe5 12.h3 Qe7 13.Be3 Nc5 14.Qc2 Nh5 15.Na4 Nxa4
16.Qxa4 Nf4 17.Kh2 Qf6 18.Ng1 Ne6 19.c5 Bf8 20.Rbc1 Rd8 21.Red1 Nd4 22.Ne2 Bg7
23.Rc3 Qh4 24.f3 Bxh3 25.gxh3 Nxf3+ 26.Kh1 Nd4 27.Rcd3 Qxe4+ 28.Bg2 Qh4 29.Qc4 Kh8
30.Nxd4 Rd7 31.Qc3 e4 32.R3d2 Be5 33.Qb3 Rad8 34.Bg1 Qg5 35.Ne6 Rxd2 36.Nxg5  1-0

[Event "300 Years"]
[Site "St Petersburg RUS"]
[Date "2003.10.18"]
[Round "1"]
[White "Kostin,K"]
[Black "Areshchenko,A"]
[Result "0-1"]
[WhiteElo "2320"]
[BlackElo "2539"]

1.c4 Nf6 2.Nc3 g6 3.e4 d6 4.d4 Bg7 5.Nf3 O-O 6.Be2 Nbd7 7.O-O e5 8.d5 Nc5
9.Qc2 a5 10.Be3 Ng4 11.Bg5 f6 12.Bh4 g5 13.Bg3 f5 14.exf5 Bxf5 15.Qd2 h6
16.Ne1 Nf6 17.f3 e4 18.Nc2 exf3 19.gxf3 Nh5 20.Nd4 Bh3 21.Rf2 Qf6 22.Nb3 Nd7
23.Bf1 Bf5 24.Ne4 Qg6 25.Bg2 Ne5 26.Rc1 Nxg3 27.hxg3 g4  0-1

[Event "TCh-BEL 2003-4"]
[Site "Belgium BEL"]
[Date "2003.10.19"]
[Round "2"]
[White "Van Heirzeele,D"]
[Black "Laurent,B"]
[Result "1/2-1/2"]
[WhiteElo "2227"]
[BlackElo "2365"]

1.d4 Nf6 2.c4 g6 3.Nc3 Bg7 4.e4 d6 5.Be2 O-O 6.Nf3 e5 7.O-O Na6 8.Be3 Ng4
9.Bg5 Qe8 10.dxe5 dxe5 11.h3 f6 12.Bd2 Nh6 13.c5 Nxc5 14.Qc1 Nf7 15.Nd5 Ne6
16.Bb4 c6 17.Bxf8 Qxf8 18.Ne3 Nd6  1/2-1/2

[Event "EuTCh w"]
[Site "Plovdiv BUL"]
[Date "2003.10.19"]
[Round "8"]
[White "Topel,Z"]
[Black "Costantini,L"]
[Result "1-0"]
[WhiteElo "2004"]
[BlackElo "2075"]

1.d4 Nf6 2.Nf3 g6 3.c4 Bg7 4.Nc3 d6 5.e4 O-O 6.Be2 e5 7.O-O Na6 8.Be3 Ng4
9.Bg5 f6 10.Bh4 Qe8 11.c5 dxc5 12.Bxa6 bxa6 13.dxc5 Kh8 14.h3 Nh6 15.Nd5 Qc6
16.Rc1 Be6 17.Qd3 Rab8 18.b3 Rbd8 19.Rfd1 a5 20.Ne7 Qa8 21.Qa6 Bg8 22.Qc6 Qb8
23.Qa6 Qa8 24.c6 Be6 25.Qxa5 Rxd1+ 26.Rxd1 Rf7 27.Qxc7 Qg8 28.Rd8  1-0

[Event "21st Muensterland Open"]
[Site "Senden GER"]
[Date "2003.10.19"]
[Round "4"]
[White "Pinter,J"]
[Black "Koller,J"]
[Result "1-0"]
[WhiteElo "2518"]
[BlackElo "2257"]

1.d4 Nf6 2.c4 g6 3.Nc3 Bg7 4.Nf3 O-O 5.e4 d6 6.Be2 e5 7.d5 Na6 8.Bg5 Qe8
9.Nd2 h6 10.Be3 Nh7 11.g4 f5 12.gxf5 gxf5 13.exf5 e4 14.Rg1 Ng5 15.h4 Nf3+
16.Nxf3 exf3 17.Qd4 Rf7 18.Bxh6  1-0

[Event "300 Years"]
[Site "St Petersburg RUS"]
[Date "2003.10.19"]
[Round "2"]
[White "Akimov,D"]
[Black "Zakharevich,I"]
[Result "0-1"]
[WhiteElo "2270"]
[BlackElo "2524"]

1.d4 g6 2.c4 Bg7 3.Nc3 Nf6 4.e4 d6 5.Nf3 O-O 6.Be2 e5 7.O-O Qe8 8.dxe5 dxe5
9.b4 Qe7 10.b5 c6 11.a4 Rd8 12.Ba3 Qc7 13.Qb3 Bg4 14.Rad1 Rxd1 15.Rxd1 Bxf3
16.Bxf3 Nbd7 17.Bd6 Qa5 18.bxc6 bxc6 19.Qb7 Re8 20.Bb4 Qb6 21.Qxb6 axb6 22.Kf1 Bf8
23.Bxf8 Kxf8 24.g3 Ke7 25.Ke2 Ra8 26.Rb1 Kd6 27.Ke3 Kc5 28.Be2 Ne8 29.f3 Nd6
30.Nd1 Nb7 31.Nb2 Kd6 32.Bd1 Ndc5 33.Bc2 Kc7 34.f4 exf4+ 35.gxf4 Re8 36.Kf3 f6
37.Re1 Nd6 38.Re3 Nf7 39.h4 Rd8 40.Re2 Rd7 41.Ke3 Nd6 42.Kf3 Ne6 43.Ke3 Re7
44.Bb1 Re8 45.Bc2 c5 46.Bd3 Nd4 47.Re1 Nxe4 48.Bxe4 Nc2+ 49.Kd2 Nxe1 50.Bd5 h6
51.Nd1 g5 52.hxg5 fxg5 53.fxg5 hxg5 54.Nf2 Nc2 55.Nd1 Nb4 56.Bf3 Rf8 57.Be2 Rd8+
58.Ke3 Nc2+ 59.Ke4 Re8+ 60.Kd3 Nd4 61.Bg4 Nc6 62.Bf5 Rd8+  0-1

[Event "300 Years"]
[Site "St Petersburg RUS"]
[Date "2003.10.20"]
[Round "3"]
[White "Rutman,A"]
[Black "Serov,M"]
[Result "1/2-1/2"]
[WhiteElo "2295"]
[BlackElo "2095"]

1.d4 g6 2.c4 Bg7 3.Nc3 Nf6 4.e4 d6 5.Be2 O-O 6.Nf3 e5 7.d5 a5 8.Bg5 h6 9.Bh4 Na6
10.Nd2 Qe8 11.O-O Nh7 12.a3 g5 13.Bg3 f5 14.exf5 Bxf5 15.Nde4 Nf6 16.Bd3 Nh5
17.Qc2 Qg6 18.Rfe1 Nf4 19.f3 h5 20.Rad1 Rf7 21.Bxf4 exf4 22.Nf2 Raf8 23.Re6 Qh7
24.Nce4 Bh6 25.Qc3 Qg7 26.Qb3  1/2-1/2

[Event "300 Years"]
[Site "St Petersburg RUS"]
[Date "2003.10.20"]
[Round "3"]
[White "Kostin,K"]
[Black "Kulakov,V"]
[Result "1/2-1/2"]
[WhiteElo "2320"]
[BlackElo "2146"]

1.c4 Nf6 2.Nf3 g6 3.Nc3 Bg7 4.e4 d6 5.d4 O-O 6.Be2 Nbd7 7.O-O e5 8.Qc2 h6
9.Rd1 exd4 10.Nxd4 Re8 11.f3 Nc5 12.Be3 Qe7 13.Bf1 Ne6 14.Rac1 Nxd4 15.Bxd4 Be6
16.Nd5 Bxd5 17.cxd5 Rec8 18.Qb3 c5 19.dxc6 bxc6 20.Ba6 Rc7 21.Qd3 d5 22.exd5 Nxd5
23.Bxg7 Kxg7 24.Qd4+ Kh7 25.Re1 Qb4 26.Qxb4 Nxb4 27.Bc4 Rd8 28.Red1 Rcd7
29.Rxd7 Rxd7 30.a3 Nd5 31.Rd1 Kg7 32.Bxd5 cxd5 33.Kf2 Kf6 34.Ke3 Ke5 35.Rc1 Rb7
36.b4 Rb6 37.Rc5 Ra6 38.f4+ Kd6 39.Rc3 Ra4 40.Rb3 Ra6 41.Kd4 Ra4 42.Kd3 Ke6
43.g3 Kd6 44.h3 Ke6 45.Ke3 Kd6 46.Kd3 Ke6 47.Kc3 Kd6 48.Kc2 d4 49.Kd3 Kd5
50.b5 Kc5 51.g4 Ra5 52.f5 gxf5 53.gxf5 Kd5  1/2-1/2

[Event "9th Medunarodni"]
[Site "Tuzla BIH"]
[Date "2003.10.20"]
[Round "5"]
[White "Dugonjic,D"]
[Black "Budimir,Bor"]
[Result "1-0"]
[WhiteElo "2310"]
[BlackElo "2250"]

1.d4 Nf6 2.c4 g6 3.Nc3 Bg7 4.e4 d6 5.Be2 O-O 6.Nf3 Nbd7 7.O-O e5 8.d5 Ne8
9.Ne1 f5 10.Nd3 Ndf6 11.f3 f4 12.c5 g5 13.Rf2 Rf7 14.Bd2 Bf8 15.b4 Rg7 16.Kf1 Nh5
17.Ke1 Nef6 18.Qb3 g4 19.Rf1 gxf3 20.Bxf3 Ng4 21.Kd1 Nxh2 22.Rh1 Nxf3 23.gxf3 Ng3
24.Rh2 Nf1 25.Rh1 Nxd2 26.Kxd2 Rg2+ 27.Ne2 Bg7 28.Raf1 a5 29.b5 Qe7 30.a4 dxc5
31.b6 Qd6 32.bxc7 b6 33.Rb1 Rg6 34.Rhg1 Rh6 35.Rg5 Kf8 36.Rbg1 Rg6 37.Rxg6 hxg6
38.Rb1 Ra6 39.Nb2 Qxc7 40.Nc4 Ra7 41.Qxb6 Qxb6 42.Rxb6 Bd7 43.Nc3 g5 44.Rg6 g4
45.fxg4 Kf7 46.Rb6 Bxg4 47.Nd6+ Kg8 48.Rb7 Ra6 49.Ncb5 Bf8 50.Nf7 Rf6 51.Nxe5 Bh5
52.Ke1 f3 53.Kf2 c4 54.Nd7  1-0

[Event "300 Years"]
[Site "St Petersburg RUS"]
[Date "2003.10.22"]
[Round "5"]
[White "Kiselev,S"]
[Black "Gochelashvili,D"]
[Result "1-0"]
[WhiteElo "2415"]
[BlackElo "2331"]

1.d4 Nf6 2.Nf3 g6 3.c4 Bg7 4.Nc3 O-O 5.e4 d6 6.Be2 e5 7.Be3 Na6 8.O-O Ng4
9.Bg5 Qe8 10.h3 exd4 11.Nxd4 Nf6 12.Bf3 Qe5 13.Be3 c6 14.Re1 Nc5 15.Nb3 Nfd7
16.Bd4 Qe7 17.Bxg7 Kxg7 18.Qd4+ Ne5 19.Be2 Ne6 20.Qd2 Qf6 21.Qe3 Nf4 22.Bf1 Qg5
23.Kh1 h6 24.Nd2 a5 25.g3 Nh5 26.f4 Qxg3 27.fxe5 dxe5 28.Qxg3 Nxg3+ 29.Kg2 Nh5
30.c5 Be6 31.Nc4 Nf4+ 32.Kg3 Nxh3 33.Bxh3 Bxc4 34.b3 Ba6 35.Rad1 Rad8 36.Bd7 Kf6
37.Rd6+ Ke7 38.Red1 h5 39.Kh4 Rg8 40.Kg5 f6+ 41.Kh4 Rh8 42.Kh3 Rhf8 43.Kg3 Rh8
44.Kg2 Rhf8 45.R1d2 Rh8 46.Na4 Be2 47.Nb6 Bg4 48.Bxg4 hxg4 49.Rxd8 Rxd8 50.Rxd8 Kxd8
51.Kg3 Ke7 52.Nc4 f5 53.Nxa5 Kf6 54.Kh4 Ke6 55.Nc4 Kf6 56.a4 Ke6 57.b4 Kf6
58.a5 Ke6 59.Kg3 fxe4 60.Ne3 Kd7 61.Kxg4 Kc7 62.Nc4 Kb8 63.Nxe5 Ka7 64.Kf4 Ka6
65.Nxc6  1-0